| 000 | 00355nam a2200145Ia 4500 | ||
|---|---|---|---|
| 008 | 150201s2013 xx 000 0 und d | ||
| 082 |
_a616.079 _bB13G |
||
| 100 | _aGANGAL, SUDHA | ||
| 245 | _aTB. OF BASIC & CLINICAL IMMUNOLOGY | ||
| 250 | _a1ST | ||
| 260 |
_bUNIVERSITIES _aINDIA _c2013 |
||
| 300 | _a1-532 | ||
| 650 | _aIMMUNOLOGY | ||
| 942 |
_2ddc _cBK _08 |
||
| 999 |
_c1816 _d1816 |
||